<?xml version="1.0" encoding="UTF-8"?>
<record
    xmlns:xsi="http://www.w3.org/2001/XMLSchema-instance"
    xsi:schemaLocation="http://www.loc.gov/MARC21/slim http://www.loc.gov/standards/marcxml/schema/MARC21slim.xsd"
    xmlns="http://www.loc.gov/MARC21/slim">

  <leader>00417    a2200145   4500</leader>
  <controlfield tag="005">20250603092453.0</controlfield>
  <datafield tag="020" ind1=" " ind2=" ">
    <subfield code="a">81-219-2948-2</subfield>
  </datafield>
  <datafield tag="100" ind1=" " ind2=" ">
    <subfield code="a">TULSIAN, P.C</subfield>
  </datafield>
  <datafield tag="245" ind1=" " ind2=" ">
    <subfield code="a">Business Statistics: A Self Study Textbook for Professional Courses</subfield>
  </datafield>
  <datafield tag="250" ind1=" " ind2=" ">
    <subfield code="a">2nd Ed.</subfield>
  </datafield>
  <datafield tag="260" ind1=" " ind2=" ">
    <subfield code="a">New Delhi</subfield>
    <subfield code="b">S. CHAND &amp; COMPANY PVT. LTD</subfield>
    <subfield code="c">2014</subfield>
  </datafield>
  <datafield tag="300" ind1=" " ind2=" ">
    <subfield code="a">xvii, ill; tables.</subfield>
    <subfield code="b">Notes,</subfield>
    <subfield code="c">24 cm</subfield>
  </datafield>
  <datafield tag="700" ind1=" " ind2=" ">
    <subfield code="a">JHUNJHNUWALA, B</subfield>
  </datafield>
  <datafield tag="942" ind1=" " ind2=" ">
    <subfield code="2">ddc</subfield>
    <subfield code="c">BKS</subfield>
  </datafield>
  <datafield tag="999" ind1=" " ind2=" ">
    <subfield code="c">3089</subfield>
    <subfield code="d">3089</subfield>
  </datafield>
  <datafield tag="952" ind1=" " ind2=" ">
    <subfield code="r">2025-06-03 09:27:05</subfield>
    <subfield code="l">0</subfield>
    <subfield code="o">519.5 TUL</subfield>
    <subfield code="p">MBY00023</subfield>
    <subfield code="v">285000.00</subfield>
    <subfield code="w">2025-06-03</subfield>
    <subfield code="y">BKS</subfield>
    <subfield code="1">0</subfield>
    <subfield code="2">ddc</subfield>
    <subfield code="4">0</subfield>
    <subfield code="7">0</subfield>
    <subfield code="0">0</subfield>
    <subfield code="a">002</subfield>
    <subfield code="b">002</subfield>
    <subfield code="c">SPECIAL</subfield>
    <subfield code="d">2025-02-21</subfield>
    <subfield code="e">PURCHASE</subfield>
    <subfield code="g">95000.00</subfield>
  </datafield>
</record>
